January or not? Quiz Stats

 Plays Quiz not verified by Sporcle

Also try: March or not?
Challenge
Share
Tweet
Embed
Score 0/24 Timer 04:00
0 Plays Today
Event or special date Date* % Correct
The Disney movie 'Snow White' is released???
86.7%
Jan Ullrich wins the Tour de France???
80%
Epiphany (holiday)???
73.3%
Jan Mayen becomes an official part of Norway???
73.3%
'Ice Ice Baby' by Vanilla Ice is released???
73.3%
Yom Kippur???
73.3%
Feast of the circumcision of Christ???
66.7%
MLK delivers his 'I Have a Dream'-speech???
66.7%
John Paul II becomes the first Polish Pope???
66.7%
First Sporcle game (US presidents) is created???
60%
Jan Hammer releases 'Crockett's Theme'???
60%
Premier League mid-season transfer window???
60%
Event or special date Date* % Correct
Euro notes and coins are introduced???
53.3%
The first book in the 'A Song of Ice and Fire' series is published???
53.3%
Gorbachev proposes to eliminate all nuclear weapons before 2000???
53.3%
The first appearance of Iceman (X-Men)???
53.3%
Opening ceremony of first Winter Olympics in Chamonix, by Gaston Vidal???
46.7%
National 'Thank You Month'???
46.7%
Portuguese explorers first land at Guanabara Bay (Rio de Janeiro)???
46.7%
Australia Day???
40%
The actress January Jones is born???
33.3%
Ireland declares independence from the UK???
33.3%
U2 releases 'New Years Day'???
20%
The Egyptian Revolution of 2011 starts???
20%

You're not logged in!

Compare scores with friends on all Sporcle quizzes.
OR
Log In

You Might Also Like...

Show Comments

Extras

Top Quizzes Today


Score Distribution

Your Account Isn't Verified!

In order to create a playlist on Sporcle, you need to verify the email address you used during registration. Go to your Sporcle Settings to finish the process.

Report this User

Report this user for behavior that violates our Community Guidelines.

Details: